MARC
| LEADER | 00000nam a2200000Ia 4500 | ||
|---|---|---|---|
| 008 | 170316s9999 xx 000 0 und d | ||
| 090 | |a 100 H-29.1d | ||
| 100 | |a Hoffmann, E. T. A. | ||
| 245 | |a Die bergwerke zu falun der artushof | ||
| 260 | |a Stuttgart, Alemania | ||
| 260 | |b Reclam | ||
| 260 | |c 1966 | ||
| 300 | |a 87 páginas | ||
| 650 | |a FILOSOFÍA | ||
| 999 | |c 16490 |d 16490 | ||
| 040 | |a cru BVZT | ||
| 942 | |c 15 D |h 100 H-29.1d |2 z | ||
